000 00467nam a2200181Ia 4500
003 GCL
008 140319s9999 xx 000 0 eng d
040 _aGCL /
_cGCL
082 0 4 _aCH
_b823.087
_bK E
100 1 _aKIPLIVY, RUDYARD
245 1 0 _aTHE ELEPHANT'S CHILD /
_cKIPLIVY, RUDYARD
700 1 _aLAVIE, ARLETTE
260 _a[S.N] :
_bCHILD'S PLAY (INLORNATIONAL) ،
_c1986
650 0 4 _aCHILDREN
650 0 4 _aANIMALS
650 0 4 _aTALES
942 _2ddc
_cBK
999 _c17823
_d17823